| 000 | 00932cam a2200301 i 4500 | ||
|---|---|---|---|
| 999 |
_c4230 _d4230 |
||
| 001 | 4106305 | ||
| 003 | OSt | ||
| 005 | 20220321083353.0 | ||
| 008 | 750211s1975 nyu b 000 0 eng | ||
| 010 | _a 75004793 | ||
| 020 | _a0838585817 | ||
| 040 |
_aDLC _cDLC _dDLC |
||
| 050 | 0 | 0 |
_aRT82 _b.W35 1975 |
| 060 | _aWY16 W245s | ||
| 082 | 0 | 0 | _a153.9/4/61073 |
| 100 | 1 |
_aWandelt, Mabel A. _q(Mabel Ann), _d1917- |
|
| 245 | 1 | 0 |
_aSlater nursing competencies rating scale / _cMabel A. Wandelt, Doris Slater Stewart. |
| 260 |
_aNew York : _bAppleton-Century-Crofts, _cc1975. |
||
| 300 |
_axv, 101 p. ; _c23 cm. |
||
| 504 | _aBibliography: p. 101. | ||
| 650 | 0 |
_aNursing _xAbility testing. |
|
| 650 | 2 | _aNursing care. | |
| 650 | 2 | _aPsychological tests. | |
| 700 | 1 |
_aStewart, Doris Slater, _ejoint author. |
|
| 740 | 0 | _aNursing competencies rating scale. | |
| 906 |
_a7 _bcbc _corignew _d1 _eocip _f19 _gy-gencatlg |
||
| 942 |
_2lcc _cBK |
||